Fr. Conceicao Rodrigues College of Engineering

Machine design exercises (Record no. 32437)

MARC details
000 -LEADER
fixed length control field 00246nam a2200121Ia 4500
100 ## - MAIN ENTRY--PERSONAL NAME
Personal name Trikha
245 ## - TITLE STATEMENT
Title Machine design exercises
260 ## - PUBLICATION, DISTRIBUTION, ETC.
Name of publisher, distributor, etc. Khanna publishers
Date of publication, distribution, etc. 1987
300 ## - PHYSICAL DESCRIPTION
Extent 586
546 ## - LANGUAGE NOTE
Language note ENGLISH
654 ## - SUBJECT ADDED ENTRY--FACETED TOPICAL TERMS
Focus term Design
942 ## - ADDED ENTRY ELEMENTS (KOHA)
Koha item type BOOK
Holdings
Withdrawn status Lost status Damaged status Not for loan Collection Home library Current library Date acquired Cost, normal purchase price Total Checkouts Full call number Barcode Date last seen Cost, replacement price Price effective from Koha item type
        AFT Fr. Agnel's C.Rodrigues College of Engineering Fr. Agnel's C.Rodrigues College of Engineering 17/03/2023 16.75   AFT678 17/03/2023 16.75 17/03/2023 BOOK